书目信息 |
| 题名: |
生存
|
|
| 作者: | 文钊 著 | |
| 分册: | ||
| 出版信息: | 上海 上海文艺出版社 1981 |
|
| 页数: | 214页 | |
| 开本: | 19cm | |
| 丛书名: | ||
| 单 册: | ||
| 中图分类: | I711.45 , I247.5 | |
| 科图分类: | ||
| 主题词: | 长篇小说--加拿大--现代 , 小说--中国 | |
| 电子资源: | ||
| ISBN: | ||
| 000 | 00611nam0 2200241 45 | |
| 001 | 1571659593 | |
| 005 | 20170926135642.56 | |
| 010 | @dCNY0.66 | |
| 091 | @aCN@b10078.3235 | |
| 100 | @a19950421d1981 em y0chiy0121 ea | |
| 101 | 0 | @achi |
| 102 | @aCN@b310000 | |
| 105 | @af z 000ay | |
| 200 | 10 | @a生存@Asheng cun@f(加拿大)文钊著 |
| 210 | @a上海@c上海文艺出版社@d1981 | |
| 215 | @a214页@c图@d19cm | |
| 606 | @a长篇小说@y加拿大@z现代 | |
| 606 | 0 | @a小说@x中国 |
| 690 | @aI711.45@v3 | |
| 690 | @aI247.5@v4 | |
| 701 | 0 | @a文钊@Awen zhao@4著 |
| 801 | 0 | @aCN@bTSSF@c20150128 |
| 905 | @aZUCC@dI247.5@eJY27 | |
| 生存/(加拿大)文钊著.-上海:上海文艺出版社,1981 |
| 214页:图;19cm |
| ISBN :CNY0.66 |
| ● |
| 相关链接 |
|
|
|
|
正题名:生存
索取号:I247.5/JY27
 
预约/预借
| 序号 | 登录号 | 条形码 | 馆藏地/架位号 | 状态 | 备注 |
| 1 | 7850281 | 278502817 | 学院路分馆/ [索取号:I247.5/JY27] | 在馆 | |
| 2 | 7850282 | 278502826 | 学院路分馆/ [索取号:I247.5/JY27] | 在馆 | |
| 3 | 7850283 | 278502835 | 学院路分馆/ [索取号:I247.5/JY27] | 在馆 |